| 000 | 00592nam a22002417a 4500 | ||
|---|---|---|---|
| 003 | UA-OsUOA | ||
| 001 | 55258 | ||
| 007 | ta | ||
| 008 | 20080903b un ||||| |||| 00| 0 ukr d | ||
| 100 | _aЛопатин Л. | ||
| 090 |
_a141 _bЛ77 |
||
| 942 | _cBK | ||
| 040 |
_aUA-OsUOA _brus _cUA-OsUOA _dUA-OsUOA |
||
| 245 | _aФилософские характеристики и речи | ||
| 300 | _a496 с. | ||
| 955 | _a2 | ||
| 041 | _arus | ||
| 080 | _a141 | ||
| 020 | _a985-433-903-3 | ||
| 260 |
_aМ. _c2000 |
||
| 650 | 7 |
_a1 Філософські науки _2UDC |
|
| 999 |
_c341312 _d341312 |
||